000 01079nam a22003377a 4500
003 CHAP
005 20220329133432.0
008 971013s1992 r 00010 d
010 _a6348
011 _a7320
035 _a6543
040 _cCHAP
090 _aTesis
100 0 0 _aCruz Santos, Eliseo.
_929591
245 _aVariabilidad espacial de la precipitación y la evaporación en Aguascalientes
260 _aChapingo, Méx. :
_bEl autor,
_c1992
300 _a26 h.
500 _a61-245
502 _aTesis (Ing. Agr. Esp. en Zonas Aridas) -- UACH. Departamento de Zonas Aridas
590 _aALEPH
_b10
_c20130110
_lUCH01
_h1218
590 _aBATCH-UPD
_b10
_c20130110
_lUCH01
_h0242
590 _aBATCH-UPD
_b10
_c20130110
_lUCH01
_h2146
590 _aBATCH-UPD
_b10
_c20130409
_lUCH01
_h2309
590 _aBATCH-UPD
_b10
_c20130914
_lUCH01
_h1107
590 _aCONVERSION
_b10
_c20130109
_lUCH01
_h1305
650 1 4 _aEvaporación.
_938964
650 1 4 _aLluvia
_xAguascalientes.
_967313
901 _aBK
942 _cTESIS
949 _bBC
_cTES
_d-16150
_eTS1
_h25587
_i6543
_si
999 _c6348
_d6348